| 000 | 00874nam a22002657a 4500 | ||
|---|---|---|---|
| 001 | 7981 | ||
| 003 | FISKH | ||
| 005 | 20250815161504.0 | ||
| 008 | 250815b cb ||||| |||| 00| 0 eng d | ||
| 040 |
_aFISKH _beng _cFISKH _dFISKH |
||
| 050 | _aPZ7.B91624 S | ||
| 100 | _aBurdick, Margaret | ||
| 245 |
_aSara raccoon and the secret place / _cBy Margaret Burdick |
||
| 260 |
_aBoston : _bLittle, Brown and Company , _c1992. |
||
| 300 |
_a32 unnumbered pages : _bcolor illustrations ; _c17 X 22 cm . |
||
| 505 | _aJ | ||
| 520 | _aTired of taking care of her noisy brother and sister, Sara Raccoon discovers a special place all for herself. | ||
| 521 | 8 |
_a500
_bLexile estimate |
|
| 521 | 8 |
_aJ
_bRaz-Plus |
|
| 650 |
_aRaccoons _vFiction |
||
| 650 |
_aPrivacy, Right of _vFiction |
||
| 650 |
_aFriendship _vFiction |
||
| 942 |
_2ddc _cBK _n0 |
||
| 999 |
_c7981 _d7981 |
||